[Event "Sunway Sitges Open 2017"]
[Site "Sitges ESP"]
[Date "2017.12.20"]
[Round "6.2"]
[White "Aravindh, Chithambaram VR."]
[Black "Dann, Matthias"]
[Result "1/2-1/2"]
[WhiteTitle "GM"]
[BlackTitle "IM"]
[WhiteElo "2586"]
[BlackElo "2517"]
[WhiteFideId "5072786"]
[BlackFideId "24638056"]
[EventDate "2017.12.15"]

1. e4 e5 2. Nf3 Nc6 3. Bb5 a6 4. Ba4 Nf6 5. O-O Be7 6. Re1 b5 7. Bb3 d6 8. c3
O-O 9. h3 Na5 10. Bc2 c5 11. d4 Nd7 12. Nbd2 exd4 13. cxd4 cxd4 14. Nxd4 Bf6 15.
N2f3 Ne5 16. Rb1 Re8 17. b3 Bb7 18. Nf5 Nxf3+ 19. Qxf3 Rc8 20. Qd1 Re6 21. Bf4
Be5 22. Bxe5 dxe5 23. Qxd8+ Rxd8 24. Rbd1 Rb8 25. Rd7 Bc6 26. Rc7 Be8 27. b4 Nc6
28. Bb3 Rf6 29. a3 Rd8 30. Rc1 Kf8 31. Bd5 g6 32. Ne3 Ne7 33. Bb7 h5 34. h4 Rfd6
35. Nd5 Nxd5 36. Bxd5 R6d7 37. Rxd7 Rxd7 38. Rc8 Ke7 39. Ra8 Rd6 40. f3 Bc6 41.
Bxc6 Rxc6 42. Kf2 Ke6 43. Ke2 f5 44. Kd3 f4 45. Ra7 Kf6 46. Ke2 Ke6 47. Ke1 Kf6
48. Kf1 Rc1+ 49. Kf2 Rc2+ 50. Kg1 Rc1+ 51. Kh2 Rc6 52. Rb7 Ke6 53. Rg7 Kf6 54.
Ra7 Ke6 55. Kh3 Kf6 56. g4 fxg3 57. Kxg3 Ke6 58. Rg7 Kf6 59. Rb7 Ke6 60. Ra7 Kf6
61. Kf2 Ke6 62. Rg7 Kf6 63. Rb7 Rc2+ 64. Kg3 Rc6 65. Ra7 Ke6 66. Ra8 Kf6 67. Kf2
Rc2+ 68. Kf1 Rc6 69. Ke2 Rc2+ 70. Kd3 Rc6 71. Ke2 Rc2+ 72. Kd3 Rc6 73. Kd2 Ke6
74. Ke2 Rc2+ 75. Kd3 Rc6 1/2-1/2

[Event "Sunway Sitges Open 2017"]
[Site "Sitges ESP"]
[Date "2017.12.20"]
[Round "6.3"]
[White "Hambleton, Aman"]
[Black "Salem, A.R. Saleh"]
[Result "1/2-1/2"]
[WhiteTitle "IM"]
[BlackTitle "GM"]
[WhiteElo "2474"]
[BlackElo "2638"]
[WhiteFideId "2606577"]
[BlackFideId "9301348"]
[EventDate "2017.12.15"]

1. d4 g6 2. c4 Bg7 3. e4 d6 4. Nc3 Nf6 5. Bd3 O-O 6. Nge2 Nc6 7. O-O Nh5 8. Bc2
e5 9. d5 Nb4 10. Bb1 a5 11. a3 Na6 12. Be3 Qe8 13. Qd2 Bd7 14. Bc2 a4 15. h3 Nc5
16. g4 Nf4 17. Nxf4 exf4 18. Bxf4 b5 19. cxb5 Bxb5 20. Rfe1 Rb8 21. Rab1 Bc4 22.
Kg2 Bb3 23. Bd3 Qd7 24. Bf1 f5 25. exf5 gxf5 26. g5 Ne4 27. Qd3 Qf7 28. f3 Nxc3
29. bxc3 Qxd5 30. Re7 Qc5 1/2-1/2

[Event "Sunway Sitges Open 2017"]
[Site "Sitges ESP"]
[Date "2017.12.20"]
[Round "6.4"]
[White "Petrov, Nikita"]
[Black "Motylev, Alexander"]
[Result "1/2-1/2"]
[WhiteTitle "IM"]
[BlackTitle "GM"]
[WhiteElo "2574"]
[BlackElo "2675"]
[WhiteFideId "4101286"]
[BlackFideId "4121830"]
[EventDate "2017.12.15"]

1. Nf3 d5 2. d4 Nf6 3. c4 c6 4. Nc3 dxc4 5. a4 e6 6. e4 Bb4 7. Bg5 h6 8. Bxf6
Qxf6 9. Bxc4 c5 10. O-O cxd4 11. e5 1/2-1/2

[Event "Sunway Sitges Open 2017"]
[Site "Sitges ESP"]
[Date "2017.12.20"]
[Round "6.5"]
[White "Vasquez Schroeder, Rodrigo"]
[Black "Shankland, Samuel"]
[Result "1/2-1/2"]
[WhiteTitle "GM"]
[BlackTitle "GM"]
[WhiteElo "2547"]
[BlackElo "2662"]
[WhiteFideId "3400042"]
[BlackFideId "2004887"]
[EventDate "2017.12.15"]

1. e4 c5 2. Nf3 e6 3. d4 cxd4 4. Nxd4 Nc6 5. Nb5 d6 6. c4 Nf6 7. N1c3 a6 8. Na3
Be7 9. Be2 O-O 10. O-O b6 11. Be3 Bb7 12. Qd2 Ne5 13. f3 d5 14. exd5 exd5 15.
cxd5 1/2-1/2

[Event "Sunway Sitges Open 2017"]
[Site "Sitges ESP"]
[Date "2017.12.20"]
[Round "6.6"]
[White "Edouard, Romain"]
[Black "Peralta, Fernando"]
[Result "1/2-1/2"]
[WhiteTitle "GM"]
[BlackTitle "GM"]
[WhiteElo "2621"]
[BlackElo "2556"]
[WhiteFideId "633429"]
[BlackFideId "105309"]
[EventDate "2017.12.15"]

1. c4 e6 2. g3 d5 3. Nf3 dxc4 4. Qa4+ Nd7 5. Bg2 a6 6. Qxc4 b5 7. Qb3 Bb7 8. Nc3
Ngf6 9. d3 Be7 10. O-O O-O 11. a4 b4 12. Nb1 a5 13. Qc2 c5 14. b3 Nd5 15. Bb2
Bf6 16. Nfd2 Bxb2 17. Qxb2 N7b6 18. Ra2 Qe7 19. Qc1 Rfc8 20. Rc2 Rc7 21. Rd1 h6
22. Nc4 Nxc4 23. dxc4 Nf6 24. Bxb7 Rxb7 25. Rcd2 Rbb8 26. Rd3 Rd8 27. Qe3 Rxd3
28. Rxd3 Rd8 29. Nd2 Rxd3 30. exd3 Qd6 31. Nf3 Nd7 32. Kf1 1/2-1/2

[Event "Sunway Sitges Open 2017"]
[Site "Sitges ESP"]
[Date "2017.12.20"]
[Round "6.7"]
[White "Manolache, Marius"]
[Black "Sokolov, Ivan"]
[Result "1/2-1/2"]
[WhiteTitle "GM"]
[BlackTitle "GM"]
[WhiteElo "2495"]
[BlackElo "2589"]
[WhiteFideId "1201530"]
[BlackFideId "14400030"]
[EventDate "2017.12.15"]

1. d4 Nf6 2. Nf3 g6 3. c4 Bg7 4. Nc3 d5 5. cxd5 Nxd5 6. Bd2 c5 7. Rc1 Nxc3 8.
Bxc3 cxd4 9. Nxd4 O-O 10. e3 Qb6 11. Be2 Rd8 12. Qa4 Bd7 13. Qa3 Nc6 14. Nxc6
Bxc3+ 15. Qxc3 Bxc6 16. O-O Rd6 17. Rfd1 Rad8 18. Rxd6 Rxd6 19. Rd1 Qd8 20. Rxd6
Qxd6 21. a3 Qd5 22. f3 e5 23. Bc4 Qd6 24. Kf2 Kg7 25. b4 f6 26. Qd3 Qxd3 27.
Bxd3 Kf7 28. Bc4+ Ke7 29. e4 g5 30. g4 Kd6 1/2-1/2

[Event "Sunway Sitges Open 2017"]
[Site "Sitges ESP"]
[Date "2017.12.20"]
[Round "6.8"]
[White "Zubov, Alexander"]
[Black "Santos Ruiz, Miguel"]
[Result "1/2-1/2"]
[WhiteTitle "GM"]
[BlackTitle "IM"]
[WhiteElo "2626"]
[BlackElo "2509"]
[WhiteFideId "14109409"]
[BlackFideId "22291482"]
[EventDate "2017.12.15"]

1. e4 c5 2. Nf3 d6 3. d4 cxd4 4. Nxd4 Nf6 5. Nc3 a6 6. f4 e5 7. Nf3 Nbd7 8. a4
Qc7 9. Bd3 Be7 10. O-O O-O 11. Kh1 Nc5 12. Qe1 Re8 13. b4 Nxd3 14. cxd3 Bd7 15.
Bd2 exf4 16. Bxf4 Rac8 17. Rc1 Qb6 18. Rb1 Qc7 19. Rc1 Qb6 20. b5 axb5 21. axb5
Qa5 22. Bd2 Be6 23. Nd4 Qb6 24. Be3 Qa5 25. h3 Kh8 26. Nf5 Bf8 27. Bd4 Nd7 28.
Ra1 Qb4 29. Rb1 Qa5 30. Ra1 Qb4 31. Rb1 1/2-1/2

[Event "Sunway Sitges Open 2017"]
[Site "Sitges ESP"]
[Date "2017.12.20"]
[Round "6.9"]
[White "Narciso Dublan, Marc"]
[Black "Bologan, Victor"]
[Result "1/2-1/2"]
[WhiteTitle "GM"]
[BlackTitle "GM"]
[WhiteElo "2456"]
[BlackElo "2607"]
[WhiteFideId "2201500"]
[BlackFideId "13900048"]
[EventDate "2017.12.15"]

1. d4 Nf6 2. Bg5 e6 3. e4 h6 4. Bxf6 Qxf6 5. c3 d6 6. Bd3 e5 7. Ne2 g6 8. O-O
Bg7 9. f4 Qe7 10. f5 O-O 11. fxg6 fxg6 12. Qb3+ Kh7 13. Rxf8 Qxf8 14. Nd2 Nd7
15. Rf1 Nf6 16. Nc4 Qe7 17. Qa3 Ng4 18. h3 b5 19. Nxe5 Nxe5 20. dxe5 Qxe5 21.
Rf7 c5 22. Rxa7 c4 23. Bc2 Rxa7 24. Qxa7 Qg5 25. Qf7 Qe3+ 26. Kf1 Qd2 27. Nf4
Qc1+ 28. Ke2 Qxc2+ 29. Ke3 Qc1+ 30. Kf3 Qf1+ 31. Ke3 g5 32. Qg6+ Kg8 33. Qe8+
Kh7 34. Qg6+ Kg8 35. Qe8+ Kh7 36. Qg6+ Kg8 1/2-1/2

[Event "Sunway Sitges Open 2017"]
[Site "Sitges ESP"]
[Date "2017.12.20"]
[Round "6.10"]
[White "Kozul, Zdenko"]
[Black "Garriga Cazorla, Pere"]
[Result "1-0"]
[WhiteTitle "GM"]
[BlackTitle "IM"]
[WhiteElo "2607"]
[BlackElo "2406"]
[WhiteFideId "14502879"]
[BlackFideId "32011601"]
[EventDate "2017.12.15"]

1. Nf3 c5 2. c4 Nf6 3. Nc3 d5 4. cxd5 Nxd5 5. e4 Nb4 6. Bc4 Nd3+ 7. Ke2 Nf4+ 8.
Kf1 Ne6 9. h4 Nc6 10. d3 Ned4 11. Nb5 Be6 12. Bf4 Rc8 13. Nbxd4 Bxc4 14. dxc4
cxd4 15. a3 e6 16. e5 Qb6 17. b4 a5 18. b5 Ne7 19. Qd3 Qc5 20. Ke2 Qxc4 21. Rhc1
Qxd3+ 22. Kxd3 Rxc1 23. Rxc1 Nd5 24. Bd2 Kd7 25. a4 Ba3 26. Rc4 b6 27. h5 Bb2
28. Nxd4 Rg8 29. Nc6 f6 30. exf6 gxf6 31. g4 Ba3 32. f3 Bd6 33. Rd4 Bc5 34. Re4
Bd6 35. Kc4 Bc5 36. Re2 Bd6 37. Be3 Nxe3+ 38. Rxe3 f5 39. gxf5 exf5 40. Rd3 Rg1
41. Kd5 Re1 42. Rd2 Re3 43. Rg2 Rd3+ 44. Kc4 Ra3 45. Rg5 h6 46. Rg7+ Ke8 47. Kd5
Bc5 48. Ra7 Rxa4 49. Ke6 Kf8 50. Ne5 Bd4 51. Ng6+ Kg8 52. Ne7+ Kh8 53. Kf7 Rc4
54. Ng6+ 1-0

[Event "Sunway Sitges Open 2017"]
[Site "Sitges ESP"]
[Date "2017.12.20"]
[Round "6.11"]
[White "Bilguun, Sumiya"]
[Black "Can, Emre"]
[Result "1/2-1/2"]
[WhiteTitle "IM"]
[BlackTitle "GM"]
[WhiteElo "2459"]
[BlackElo "2605"]
[WhiteFideId "4901541"]
[BlackFideId "6302181"]
[EventDate "2017.12.15"]

1. e4 c5 2. Nf3 d6 3. d4 cxd4 4. Nxd4 Nf6 5. Nc3 Nc6 6. Bg5 e6 7. Qd2 Be7 8.
O-O-O O-O 9. f3 Nxd4 10. Qxd4 a6 11. h4 b5 12. Kb1 Bb7 13. g4 Rc8 14. a3 Qc7 15.
Qd2 Rfd8 16. Bd3 d5 17. exd5 Nxd5 18. Nxd5 Bxd5 19. Bxe7 Qxe7 20. Qe2 Qc5 21. h5
h6 22. Be4 Bc4 23. Rxd8+ Rxd8 24. Rd1 Rxd1+ 25. Qxd1 f5 26. b4 Qe5 27. Qd7 fxe4
28. Qe8+ Kh7 29. Qg6+ Kg8 1/2-1/2

[Event "Sunway Sitges Open 2017"]
[Site "Sitges ESP"]
[Date "2017.12.20"]
[Round "6.12"]
[White "Cernousek, Lukas"]
[Black "Predke, Alexandr"]
[Result "1/2-1/2"]
[WhiteTitle "IM"]
[BlackTitle "GM"]
[WhiteElo "2456"]
[BlackElo "2599"]
[WhiteFideId "311707"]
[BlackFideId "24107581"]
[EventDate "2017.12.15"]

1. d4 d5 2. c4 e6 3. Nf3 c6 4. Qc2 Nd7 5. g3 b5 6. cxd5 cxd5 7. Bf4 Ba6 8. Qc6
Qc8 9. Ne5 Ne7 10. Qxd7+ Qxd7 11. Nxd7 Kxd7 12. e3 f6 13. h4 Rc8 14. Nc3 Rc6 15.
Nxb5 Rb6 16. a4 Nc6 17. g4 e5 18. dxe5 Bb4+ 19. Kd1 fxe5 20. Bg3 Rd8 21. Rc1 d4
22. Bd3 dxe3 23. fxe3 Ke7 24. Ke2 Bc8 25. Bf5 Rd2+ 26. Kf1 Bxf5 27. gxf5 Rxb2
28. Rh2 Rxh2 29. Bxh2 Bd2 30. Rd1 Bxe3 31. Re1 Bd2 32. Re2 a6 33. Nc7 Rb2 34.
Nxa6 Kd6 35. Nb8 Rxb8 36. Rxd2+ Kc5 37. Rd7 Rf8 38. Rxg7 Rxf5+ 39. Kg2 h6 1/2-1/2

[Event "Sunway Sitges Open 2017"]
[Site "Sitges ESP"]
[Date "2017.12.20"]
[Round "6.13"]
[White "Lopez Martinez, Josep Manuel"]
[Black "Yankelevich, Lev"]
[Result "1/2-1/2"]
[WhiteTitle "GM"]
[BlackTitle "IM"]
[WhiteElo "2598"]
[BlackElo "2435"]
[WhiteFideId "2212943"]
[BlackFideId "24684074"]
[EventDate "2017.12.15"]

1. e4 e5 2. Nf3 Nc6 3. Bc4 Bc5 4. O-O Nf6 5. d3 O-O 6. a4 a6 7. Re1 Ng4 8. Rf1
Nf6 9. c3 d5 10. exd5 Nxd5 11. a5 b5 12. axb6 Nxb6 13. Bb3 Bg4 14. Qe2 Kh8 15.
Qe4 Qd7 16. Nxe5 Nxe5 17. Qxe5 Bd6 18. Qg5 Be2 19. Re1 Bxd3 20. Bf4 c5 21. Bxd6
Qxd6 22. Na3 c4 23. Bc2 Bxc2 24. Nxc2 h6 25. Qe5 Qxe5 26. Rxe5 Rfd8 27. Nd4 Rd5
28. Rxd5 Nxd5 29. g3 Rb8 30. Ra2 Rb6 31. Kf1 h5 32. h4 Nf6 33. f3 Nd7 34. Nc2
Ne5 35. Nb4 Nxf3 36. Rxa6 Rxa6 37. Nxa6 Ne5 38. Ke2 f6 39. Nc5 g5 40. Ne4 gxh4
41. gxh4 Kg7 42. Ke3 Kg6 43. Nd6 f5 44. Kd4 Nf3+ 45. Kxc4 Nxh4 46. b4 Kf6 47. b5
Ke6 48. Kc5 Kd7 49. b6 Ng6 50. Nb5 Kc8 51. c4 h4 52. Nd6+ Kd7 53. Nb5 Kc8 54.
Nd6+ 1/2-1/2

[Event "Sunway Sitges Open 2017"]
[Site "Sitges ESP"]
[Date "2017.12.20"]
[Round "6.14"]
[White "Ootes, Lars"]
[Black "Santos Latasa, Jaime"]
[Result "0-1"]
[WhiteTitle "IM"]
[BlackTitle "IM"]
[WhiteElo "2384"]
[BlackElo "2536"]
[WhiteFideId "1019708"]
[BlackFideId "2293307"]
[EventDate "2017.12.15"]

1. c4 c5 2. Nf3 Nc6 3. d4 cxd4 4. Nxd4 Nf6 5. Nc3 e6 6. a3 Be7 7. e4 O-O 8. Nf3
Qc7 9. Be2 a6 10. O-O b6 11. Bg5 Bb7 12. Rc1 Ne5 13. Nd2 Ng6 14. Be3 Bc5 15. Bg5
Bd4 16. h4 Nf4 17. Bf3 Be5 18. h5 h6 19. Bh4 Nd3 20. Rc2 g5 21. hxg6 fxg6 22.
Qe2 Nf4 23. Qe3 g5 24. Bg3 h5 25. Bd1 h4 26. Bxf4 Bxf4 27. Qd3 Rf7 28. Nf3 Raf8
29. Re1 Rg7 30. Rce2 g4 31. Nxh4 g3 32. e5 Ng4 33. fxg3 Qc5+ 34. Kh1 Nf2+ 35.
Rxf2 Qxf2 0-1

[Event "Sunway Sitges Open 2017"]
[Site "Sitges ESP"]
[Date "2017.12.20"]
[Round "6.15"]
[White "Asis Gargatagli, Hipolito"]
[Black "Perez Mitjans, Orelvis"]
[Result "1-0"]
[WhiteTitle "IM"]
[BlackTitle "GM"]
[WhiteElo "2531"]
[BlackElo "2381"]
[WhiteFideId "2260735"]
[BlackFideId "3502856"]
[EventDate "2017.12.15"]

1. e4 e6 2. d4 d5 3. Nd2 c5 4. Ngf3 cxd4 5. exd5 Qxd5 6. Bc4 Qd7 7. O-O Nf6 8.
Nb3 Qc7 9. Qe2 Nc6 10. Nbxd4 Nxd4 11. Nxd4 a6 12. Re1 Bd7 13. c3 O-O-O 14. a4 h5
15. h3 Bd6 16. b4 Bh2+ 17. Kf1 e5 18. Nb3 e4 19. b5 a5 20. Be3 Ng4 21. Bd4 f5
22. hxg4 hxg4 23. Bd5 Be8 24. Qc4 Rxd5 25. Qxd5 Bf7 26. Qxf5+ Kb8 27. Nd2 Bc4+
28. Nxc4 Qxc4+ 29. Re2 Bd6 30. g3 Rh1+ 31. Kg2 Rxa1 32. Qxe4 Qc8 33. Qg6 Qd7 34.
Re8+ 1-0

[Event "Sunway Sitges Open 2017"]
[Site "Sitges ESP"]
[Date "2017.12.20"]
[Round "6.16"]
[White "Alonso Rosell, Alvar"]
[Black "Bjerre, Jonas Buhl"]
[Result "1/2-1/2"]
[WhiteTitle "GM"]
[BlackTitle "FM"]
[WhiteElo "2509"]
[BlackElo "2365"]
[WhiteFideId "2270544"]
[BlackFideId "1444948"]
[EventDate "2017.12.15"]

1. Nf3 c5 2. c4 Nc6 3. Nc3 g6 4. g3 Bg7 5. Bg2 d6 6. d3 e6 7. O-O Nge7 8. Bg5 h6
9. Bd2 O-O 10. a3 b6 11. b4 Bb7 12. Rb1 Qd7 13. e3 Rfd8 14. Qe2 Rac8 15. Rfd1
Ne5 16. Be1 Nxf3+ 17. Bxf3 Bxf3 18. Qxf3 cxb4 19. axb4 d5 20. Qe2 1/2-1/2

[Event "Sunway Sitges Open 2017"]
[Site "Sitges ESP"]
[Date "2017.12.20"]
[Round "6.17"]
[White "Stella, Andrea"]
[Black "Ayats Llobera, Gerard"]
[Result "1-0"]
[WhiteTitle "GM"]
[BlackTitle "FM"]
[WhiteElo "2505"]
[BlackElo "2285"]
[WhiteFideId "827061"]
[BlackFideId "32067607"]
[EventDate "2017.12.15"]

1. Nf3 Nf6 2. c4 e6 3. g3 d5 4. Bg2 dxc4 5. Qa4+ Bd7 6. Qxc4 c5 7. Ne5 Qc8 8. d4
cxd4 9. Qxc8+ Bxc8 10. O-O Nfd7 11. Bf4 Nxe5 12. Bxe5 Nc6 13. Bxc6+ bxc6 14.
Bxd4 Ba6 15. Nc3 f6 16. Rfc1 Bb4 17. Kf1 c5 18. Be3 c4 19. Ne4 f5 20. a3 Be7 21.
Nd2 Bf6 22. Nxc4 O-O 23. Rab1 Rfc8 24. Nd6 Rxc1+ 25. Rxc1 Be7 26. Rc6 Bxd6 27.
Rxa6 Be5 28. b4 Bb2 29. b5 1-0

[Event "Sunway Sitges Open 2017"]
[Site "Sitges ESP"]
[Date "2017.12.20"]
[Round "6.18"]
[White "Sai Agni Jeevitesh, J"]
[Black "Matinian, Nikita"]
[Result "1-0"]
[WhiteTitle "FM"]
[BlackTitle "GM"]
[WhiteElo "2384"]
[BlackElo "2499"]
[WhiteFideId "5070147"]
[BlackFideId "24129100"]
[EventDate "2017.12.15"]

1. d4 g6 2. c4 Bg7 3. e4 d6 4. Nc3 e5 5. d5 a5 6. Be2 Na6 7. g4 Nc5 8. h4 Nf6 9.
f3 h5 10. g5 Nfd7 11. Be3 Nb6 12. b3 O-O 13. Nh3 c6 14. Qd2 cxd5 15. cxd5 Bd7
16. Rc1 Nc8 17. Qc2 Na7 18. a3 Qb6 19. Bc4 Rfc8 20. Nf2 Qc7 21. Qe2 Qd8 22. b4
axb4 23. axb4 Na4 24. Nxa4 Bxa4 25. Ra1 b5 26. Bd3 Rcb8 27. O-O Nc8 28. Rfc1 Ne7
29. Nd1 Qd7 30. Kg2 Bxd1 31. Qxd1 f5 32. Rxa8 Rxa8 33. Ra1 Rxa1 34. Qxa1 fxe4
35. Qa8+ Kh7 36. Bxe4 Nf5 37. Bf2 Nd4 38. Bxd4 exd4 39. Qc6 Qe7 40. Qxb5 Be5 41.
Qd3 Qf7 42. b5 Qf4 43. Bxg6+ Kh8 44. b6 Qxh4 45. b7 Qxg5+ 46. Kf2 Qd8 47. Qb5
Qh4+ 48. Ke2 d3+ 49. Bxd3 Qh2+ 50. Kd1 Qg1+ 51. Kc2 Qg2+ 52. Kb1 Qg1+ 53. Bf1
Qg6+ 54. Kc1 1-0

[Event "Sunway Sitges Open 2017"]
[Site "Sitges ESP"]
[Date "2017.12.20"]
[Round "6.19"]
[White "Akshat, Khamparia"]
[Black "Gascon Del Nogal, Jose Rafael"]
[Result "0-1"]
[WhiteTitle "IM"]
[BlackTitle "IM"]
[WhiteElo "2364"]
[BlackElo "2479"]
[WhiteFideId "5016541"]
[BlackFideId "3902463"]
[EventDate "2017.12.15"]

1. d4 Nf6 2. c4 g6 3. Nc3 Bg7 4. e4 O-O 5. Bd3 d6 6. Nge2 c5 7. d5 e6 8. Bg5 h6
9. Bh4 exd5 10. exd5 Nbd7 11. f4 g5 12. Bg3 Ng4 13. O-O Ne3 14. Qd2 Nxf1 15.
Rxf1 Qe7 16. Bb1 f5 17. Nb5 Nb6 18. b3 g4 19. Re1 a6 20. Nbc3 Bd7 21. Bf2 Qf6
22. Nd1 Rae8 23. Ne3 Nc8 24. Ng3 Qd4 25. Qxd4 Bxd4 26. Kf1 Bxe3 27. Bxe3 Kg7 28.
Kf2 Kg6 29. h4 h5 30. Bd3 b5 31. Bd2 Rxe1 32. Bxe1 bxc4 33. bxc4 Nb6 34. Ba5 Rb8
35. Ne2 Na4 36. Bc2 Rb2 37. Bb3 Kf7 38. Ke3 Rb1 39. Ng3 Nb2 40. Ne2 Rh1 41. Ng3
Rc1 42. Ne2 Rxc4 43. Ng3 Rc1 0-1

[Event "Sunway Sitges Open 2017"]
[Site "Sitges ESP"]
[Date "2017.12.20"]
[Round "6.20"]
[White "Liu, Guanchu"]
[Black "Schwartz, Ylon"]
[Result "1-0"]
[WhiteTitle "IM"]
[BlackTitle "FM"]
[WhiteElo "2462"]
[BlackElo "2238"]
[WhiteFideId "8603901"]
[BlackFideId "2009323"]
[EventDate "2017.12.15"]

1. e4 e5 2. Nf3 Nc6 3. c3 Nf6 4. d4 Nxe4 5. d5 Bc5 6. dxc6 Bxf2+ 7. Ke2 Bb6 8.
Qd5 Nf2 9. Rg1 Ng4 10. cxb7 Bxb7 11. Qxb7 Bxg1 12. Qe4 O-O 13. Qxg4 Bb6 14. Bh6
Qf6 15. Bg5 Qc6 16. Nbd2 d5 17. Kd1 Rae8 18. Qb4 Qe6 19. Be2 e4 20. Ne1 c5 21.
Qb5 Rb8 22. Bh4 c4 23. Qa6 Qh6 24. Bg3 Rbd8 25. Kc2 Qg6 26. Nf1 e3+ 27. Kc1 Rfe8
28. Nf3 h6 29. a4 Qe4 30. a5 d4 31. Qxc4 Qe5 32. Bh4 1-0

[Event "Sunway Sitges Open 2017"]
[Site "Sitges ESP"]
[Date "2017.12.20"]
[Round "6.21"]
[White "O'Donnell, Conor"]
[Black "Saduakassova, Dinara"]
[Result "0-1"]
[WhiteTitle "FM"]
[BlackTitle "IM"]
[WhiteElo "2349"]
[BlackElo "2460"]
[WhiteFideId "2504243"]
[BlackFideId "13700090"]
[EventDate "2017.12.15"]

1. d4 Nf6 2. c4 e6 3. Nc3 Bb4 4. Qc2 d5 5. cxd5 exd5 6. Bg5 c5 7. dxc5 h6 8. Bh4
g5 9. Bg3 Ne4 10. e3 Qa5 11. Rc1 Nc6 12. Bd3 Nxg3 13. hxg3 d4 14. exd4 Nxd4 15.
Qd2 Bxc5 16. Nge2 Kf8 17. Be4 Nxe2 18. Qxe2 Be6 19. O-O Re8 20. Qf3 Kg7 21. Bxb7
Bd4 22. Rfd1 Rd8 23. g4 h5 24. Qe4 Qb6 25. Na4 Bxf2+ 26. Kf1 Qe3 27. gxh5 Bxa2
28. Qxe3 Bxe3 29. Rxd8 Rxd8 30. Rc3 Bd4 31. Rc8 Rd7 32. Bf3 Re7 33. Nc3 Be6 34.
Rc6 g4 35. Be2 Rb7 36. h6+ Kg8 37. Bxg4 Bxg4 38. Rc4 Rd7 39. Nb5 Bf5 40. Rxd4
Bd3+ 41. Rxd3 Rxd3 42. Nxa7 Rb3 43. Kf2 Rxb2+ 44. Kf3 Rb6 45. Nc8 Rf6+ 46. Kg4
Re6 47. Na7 Rxh6 48. Nb5 Rb6 49. Nc3 Rb4+ 50. Kf5 Kg7 51. Ne4 Rb1 52. Nd6 Rf1+
53. Kg5 f6+ 54. Kh5 Rf2 55. g3 Rf1 56. Kh4 Kg6 57. Kh3 Rf2 58. Ne4 Re2 59. Nc3
Rc2 60. Nd5 Kg5 61. Nf4 Kf5 62. Nh5 Rf2 63. Ng7+ Kg6 64. Ne6 Kf5 65. Ng7+ Ke4
66. Kg4 Rf1 67. Nh5 Rf5 68. Kh4 Ke5 69. Ng7 Rg5 70. Nh5 Kf5 71. Nf4 Rg4+ 72. Kh3
Rxf4 73. gxf4 Kxf4 74. Kg2 Ke3 0-1

[Event "Sunway Sitges Open 2017"]
[Site "Sitges ESP"]
[Date "2017.12.20"]
[Round "6.22"]
[White "Agrest, Evgenij"]
[Black "Chu, Ruotong"]
[Result "1-0"]
[WhiteTitle "GM"]
[WhiteElo "2600"]
[BlackElo "2166"]
[WhiteFideId "1705024"]
[BlackFideId "8605653"]
[EventDate "2017.12.15"]

1. d4 Nf6 2. Nf3 g6 3. Bf4 Bg7 4. e3 O-O 5. Be2 d6 6. h3 c5 7. Nc3 cxd4 8. exd4
b6 9. O-O Bb7 10. Re1 Re8 11. Bc4 a6 12. Qe2 Nc6 13. Bxf7+ 1-0

[Event "Sunway Sitges Open 2017"]
[Site "Sitges ESP"]
[Date "2017.12.20"]
[Round "6.23"]
[White "Karthik, Venkataraman"]
[Black "Chakravarthi Reddy, M"]
[Result "1/2-1/2"]
[WhiteTitle "FM"]
[BlackTitle "IM"]
[WhiteElo "2475"]
[BlackElo "2364"]
[WhiteFideId "25006479"]
[BlackFideId "25009532"]
[EventDate "2017.12.15"]

1. e4 e6 2. d4 d5 3. Nd2 Nf6 4. e5 Nfd7 5. Bd3 c5 6. c3 Nc6 7. Ne2 cxd4 8. cxd4
f6 9. exf6 Nxf6 10. Nf3 Bd6 11. O-O Qc7 12. Nc3 a6 13. Bd2 O-O 14. Rc1 Bd7 15.
Re1 Ng4 16. Bxh7+ Kh8 17. g3 Be8 18. Bb1 Bh5 19. Qc2 g6 20. Nh4 Rxf2 21. Nxd5
Qf7 22. Ne3 Bxg3 23. hxg3 Qc7 24. Nef5 gxf5 25. Qc3 Qg7 26. Rxe6 Nxd4 27. Qxd4
Qxd4 28. Bc3 Qxc3 29. bxc3 f4 30. Ng6+ Kg7 31. Nxf4 Bf7 32. Re7 Rf3 33. Kg2 Rf2+
34. Kg1 Rf3 35. Ne2 Rh8 36. Re4 Nf2 37. Rh4 Nh3+ 38. Rxh3 Rxh3 39. Kg2 Re3 40.
Kxh3 Rxe2 41. c4 Be6+ 42. g4 Kh6 43. c5 1/2-1/2

[Event "Sunway Sitges Open 2017"]
[Site "Sitges ESP"]
[Date "2017.12.20"]
[Round "6.24"]
[White "Sosa, Tomas ARG"]
[Black "Kaasen, Tor Fredrik"]
[Result "0-1"]
[WhiteTitle "IM"]
[BlackTitle "FM"]
[WhiteElo "2460"]
[BlackElo "2347"]
[WhiteFideId "121576"]
[BlackFideId "1516647"]
[EventDate "2017.12.15"]

1. e4 c5 2. Nf3 e6 3. d3 Nc6 4. g3 Nf6 5. Bg2 d6 6. O-O Be7 7. Nbd2 O-O 8. Re1
Qc7 9. c3 Bd7 10. a3 Rac8 11. b4 Rfd8 12. Bb2 Ne5 13. Nxe5 dxe5 14. Qb3 Be8 15.
Bf1 b5 16. Nf3 a5 17. bxc5 a4 18. Qa2 Bxc5 19. Rac1 Ba7 20. d4 exd4 21. cxd4 Qb7
22. Rxc8 Rxc8 23. Bd3 Bc6 24. Qb1 Rd8 25. Bc3 Rc8 26. Ba1 Rd8 27. h3 h6 28. Qc2
Rc8 29. Qe2 Qe7 30. Ne5 Qxa3 31. d5 exd5 32. exd5 Bxd5 33. Ng4 Ne4 34. Nxh6+ Kf8
35. Bxg7+ Kxg7 36. Qg4+ Kxh6 37. Qh4+ Kg7 38. Qg4+ Kf6 39. Qf4+ Ke7 40. Bxe4 Be6
41. Qh4+ Ke8 42. Rd1 Qb2 43. Bc6+ Kf8 44. Qh6+ Qg7 45. Qh4 Kg8 46. Be4 Bb6 47.
Rd6 a3 48. Bb1 Bc5 49. Ra6 b4 50. Ra5 b3 51. Rxc5 Rxc5 52. Qd8+ Qf8 53. Qh4 Rc1+
54. Kh2 Rxb1 0-1

[Event "Sunway Sitges Open 2017"]
[Site "Sitges ESP"]
[Date "2017.12.20"]
[Round "6.25"]
[White "Charochkina, Daria"]
[Black "Romanishin, Oleg M"]
[Result "1/2-1/2"]
[WhiteTitle "IM"]
[BlackTitle "GM"]
[WhiteElo "2317"]
[BlackElo "2458"]
[WhiteFideId "4180917"]
[BlackFideId "14100088"]
[EventDate "2017.12.15"]

1. d4 Nf6 2. c4 e6 3. Nc3 Bb4 4. Qc2 d5 5. a3 Bxc3+ 6. Qxc3 c5 7. dxc5 d4 8. Qg3
Nc6 9. Nf3 e5 10. e4 O-O 11. Bd3 Nh5 12. Qh4 Qxh4 13. Nxh4 a5 14. b3 Nd8 15. Nf5
Ne6 16. Ne7+ Kh8 17. Nd5 Nxc5 18. Bc2 Nf6 19. f3 Nxd5 20. cxd5 Bd7 21. a4 f5 22.
Ba3 Rac8 23. O-O f4 1/2-1/2